| 000 | 00478nam a2200181Ia 4500 | ||
|---|---|---|---|
| 005 | 20250508162156.0 | ||
| 008 | 008 250505s9999 xx 000 0 eng d | ||
| 037 | _aTextual | ||
| 040 |
_aFEDL _beng _cFEDL |
||
| 041 |
_aeng _2eng |
||
| 084 |
_a915, COR _qFEDL |
||
| 100 |
_aCornish W B _9762716 |
||
| 245 | 0 | _aAsia | |
| 260 |
_aLondon, UK _bUniversity Tutorial Press Limited _c1972 |
||
| 300 | _a242p. | ||
| 942 |
_cTEXL _h915, COR |
||
| 999 |
_c1374831 _d1374831 |
||